| 000 | 00868nam a22001937a 4500 | ||
|---|---|---|---|
| 999 |
_c59549 _d59549 |
||
| 003 | Ge_BSU | ||
| 005 | 20230313153025.0 | ||
| 008 | 230313s2002 ge ||||| |||| 00| 0 geo d | ||
| 020 | _a999280324X | ||
| 041 | _ageo | ||
| 080 | _a341.231.14 : 34(479.22)(094.4) კ-37 | ||
| 100 |
_aკახნიაშვილი, ავთანდილ _916965 |
||
| 245 |
_aსაქართველოს კანონმდებლობის შესაბამისობა ევროპის კონვენციასთან / _cავთანდილ კახნიაშვილი. |
||
| 264 |
_aთბილისი : _b[კაბადონი], _c2002. |
||
| 300 |
_a248 გვ. ; _b 20 სმ. |
||
| 653 | _aადამიანის უფლებათა დაცვა | ||
| 653 | _aსამართალი | ||
| 942 |
_2udc _cBK |
||